Responses for Show #6539 - Thursday, February 7, 2013

2013 Teen Tournament semifinal game 2.
First tournament semifinal with no winner.

Contestants

[<< previous game]

Tori Amos, a sophomore from Englewood, Ohio

Joe Vertnik, a senior from Mound, Minnesota

Kelton Ellis, a junior from Macon, Georgia

[next game >>]

Jeopardy! Round responses

PIZZA-PALOOZA
RELIGIONS
MAJOR LEAGUE SPORTS CITIES
ACADEMIC ANAGRAMS
YOUR FRIENDS, THE POLICE
"A" "P" HISTORY
(Alex: Each correct response will begin with either an "A" or a "P".)
    $200 11
mozzarella

Kelton
    $200 1
Islam

Kelton
    $200 24
Jacksonville

Joe
    $200 29
scholarship

Kelton
    $200 30
registration

Tori
    $200 6
Aztecs

Tori
    $400 12
eel

Joe
    $400 2
Bacchus (or Dionysus)

Kelton
    $400 25
Toronto

Joe
    $400 20
honor student

Joe
    $400 16
jaywalking

Tori
    $400 10
Pocahontas

Kelton
    $600 13
(Tori: What is Papa John's?)

Pizza Hut

JoeTori
    $600 3
Judaism

Kelton
    $600 26
(Alex: Yes. Two different sports.)

Los Angeles and Sacramento

Joe
    $600 21
(Kelton: What is internment?)
...
(Alex: [*], yes. Not internment. Although they might seem like the same thing sometimes.)

internship

KeltonJoe
    $600 17
decibels

Joe
    $600 7
Alexander the Great

Tori
    $800 14
deep-dish

Joe
    $800 4
(Kelton: What is evangelicalism?)
(Alex: Be a little more specific.)
(Kelton: What is charismatic evangelicalism?)
(Joe: Who are Jehovah's Witnesses?)

Pentecostal

KeltonJoe
Triple Stumper
    $800 27
Memphis

Joe
    $800 22
doctorate

Joe
    $800 18
curfew

Joe
    $800 8
the Phoenicians

Kelton
    $1000 15
Tombstone

Tori
    $1,000 5
Sikhism

Kelton
    $1000 28
[Applause for Joe running the category.]
(Alex: Way to go. You picked up a lot of points in that category. Two clues left.)
(Joe: And I don't even like sports.)

Chicago

Joe
    $1000 23
(Alex: And I hope all three of you are looking forward to your [*].)

graduation

Triple Stumper
    $1000 19
AMBER Alert

Tori
    $1000 9
the plebeians

Kelton

Scores at the first commercial break (after clue 15):

Kelton Joe Tori
$3,800 $1,000 $1,200

Scores at the end of the Jeopardy! Round:

Kelton Joe Tori
$3,400 $7,200 $2,800

Double Jeopardy! Round responses

ENGLISH LITERATURE
THE VOICE...
SKIP IT
BIOLOGY
COUNTRY FACTS
CROSSWORD CLUES "E"
    $400 8
Robinson Crusoe

Tori
    $400 27
Ke$ha

Joe
    $400 29
a beat

Joe
    $400 20
tears

Kelton
    $400 19
New Zealand

Kelton
    $400 22
(Tori: What is excited?)
...
(Alex: Too many letters in that, Tori. [*] is the word we're going for. Kelton, back to you.)

eager

Tori
Triple Stumper
    $2,400 9
(Tori: What is A Clockwork Orange?)
...
(Alex: No. What is [*] by Aldous Huxley.)

Brave New World

Tori
    $800 28
Jason Mraz

Joe
    $800 30
bail

Tori
    $5,000 21
insulin

Kelton
    $800 18
Indian Ocean

Tori
    $800 23
an effigy

Kelton
    $1200 1
George Eliot

Kelton
    $1200 4
Adam Levine

Tori
    $1200 12
ice

Joe
    $1200 7
bacteria

Kelton
    $1200 15
(Kelton: What is Albania?)

Bosnia

Kelton
Triple Stumper
    $1200 24
eagle-eyed

Triple Stumper
    $1600 2
(Henry) Fielding

Tori
    $1600 5
(Tori: Who is Carrie Underwood?)
...
(Alex: Who is [*]?
You knew that, Tori. You just misspoke. I understand.)

Hayden Panettiere

Tori
Triple Stumper
    $1600 11
promotion

Kelton
    $1600 13
gestation

Kelton
    $1600 16
bananas

Kelton
    $1600 25
(Tori: What is elongate?)
(Kelton: What is emacerate?)

emaciate

KeltonTori
Triple Stumper
    $2000 3
(Tori: Who is Jim?)

David Balfour

Tori
Triple Stumper
    $2000 6
Tim McGraw

Triple Stumper
    $2000 10
Lepidoptera

Kelton
    $2000 14
(Kelton: What is respiration?)

transpiration

KeltonTori
    $2000 17
1950s

Kelton
    $2000 26
egret

Joe

Scores at the end of the Double Jeopardy! Round:

Kelton Joe Tori
$16,400 $12,000 $1,600

[wagering suggestions for these scores]

Final Jeopardy! Round responses

CAPITAL CITIES
(Alex: No, the correct response is [*], Northern Ireland. And what did it cost Kelton? $16,400. That means he drops to $0, and that means three zeros there. And what that means is we have no winner today. And this is the first time it has ever occurred in one of our tournaments. According to the rules, though, the three spots in the finals will be occupied by winners and, if we don't have a winner, by the highest-scoring player among non-winners in any of the semifinal games. That means one player from yesterday is still eligible, and two from tomorrow's match will be eligible. We're gonna say goodbye. It's gonna be an exciting end of the week. We'll see you then. So long.)
ToriWhat is Dublin
$1,600
JoeWhat is Dublin?
$12,000
KeltonWhat is Dublin?
$16,400
Belfast

Final scores:

Kelton Joe Tori
$0 $0 $0
$10,000 $10,000 $10,000

Game dynamics:

Coryat scores:

Kelton Joe Tori
$12,200 $12,000 $4,000
20 R
(including 2 DDs),
5 W
18 R,
1 W
12 R,
6 W
(including 1 DD)

Combined Coryat: $28,200

[game clues] [game scores] [suggest correction]

Game tape date: 2012-11-20
The J! Archive is created by fans, for fans. Scraping, republication, monetization, and malicious use prohibited; this site may use cookies and collect identifying information. See terms. The Jeopardy! game show and all elements thereof, including but not limited to copyright and trademark thereto, are the property of Jeopardy Productions, Inc. and are protected under law. This website is not affiliated with, sponsored by, or operated by Jeopardy Productions, Inc. Join the discussion at JBoard.tv.